000 00490nam a2200181Ia 4500
001 18541
005 20260306171638.0
008 260306s9999||||xx |||||||||||||| ||und||
041 _aESP
082 _a658.408
_bC17
100 _aCalvo Iriarte, Emilio
_eAUT
245 0 _aEl buen gobierno corporativo en el contexto de la responsabilidad social corporativa (RSC)
260 _c2011
300 _a40 páginas :
_c29 cm.
650 _aGEN
654 _aCAN
942 _cLIB
_dJUS
_fJUS
_2ddc
_n
999 _c18541
_d18541